| 000 | 00541nam a2200205Ia 4500 | ||
|---|---|---|---|
| 005 | 20260429111929.0 | ||
| 008 | 260429s9999||||xx |||||||||||||| ||und|| | ||
| 020 | _a9788182860629 | ||
| 041 | _aEnglish | ||
| 082 |
_a301 _bHAD |
||
| 100 | _aHaddon, Alfred C. | ||
| 245 | 0 |
_aHistory of anthropology / _cAlfred C. Haddon |
|
| 250 | _a1st ed. | ||
| 260 |
_aChennai : _bT R Publications, _c2024. |
||
| 300 | _axix, 206 p.; hb | ||
| 650 | _a Human culture | ||
| 650 | _a Social sciences | ||
| 650 | _aAnthropology-History | ||
| 942 | _cTB | ||
| 999 |
_c51479 _d51479 |
||